Les Franchises au cinéma en mort subite - Statistiques

Statistiques générales
  • Ce quiz a été pris 102 fois
  • Le résultat moyen est 64 sur 100
Answers on the Grid
Answers color-coded by a green-red scale on the quiz's grid according to % correct below.
28 (Jours ...) ... plus tard
Alvin et les Chipmunks
American Pie
Bad Boys
Belle et Sébastien
Bridget Jones
Candyman
Expendables
Highlander
Kung Fu Panda (animation)
L'Arme fatale
La Momie
La Vérité si je mens !
Le Transporteur
Les Bodin's
Les Visiteurs
Lucky Luke (animation)
Madagascar (animation)
Matrix
Men in Black
One Piece (animation)
Pokémon (animation)
Rec
RoboCop
Scary Movie
L'Exorciste
Y a-t-il un flic
American Nightmare
Astérix et Obélix
Chucky
Détective Conan (animation)
Die Hard
Ducobu
Evil Dead
Hannibal Lecter
Indiana Jones
Insidious
Tremors
Jason Bourne
John Wick
L'Âge de glace (animation)
Angélique
La Coccinelle
Les Schtroumpfs (animation)
Les Tuche
Mad Max
Millénium
Ocean
Pirates des Caraïbes
Rambo
Hellraiser
SOS Fantômes
Toy Story (animation)
Twilight
Underworld
Destination finale
Hunger Games
Karaté Kid
La Malédiction (The Omen)
Le Gendarme ...
Police Academy
Massacre à la tronçonneuse
Moi, moche et méchant (animation)
Paranormal Activity
Scream
Shrek (animation)
Taxi
Terminator
Univers Spider-Man de Sony (Venom / Morbius)
Winnie l'ourson (animation)
Jurassic Park
Les Tortues Ninja
Predator
Resident Evil
Terre du milieu (Le Seigneur des anneaux / Le Hobbit)
Mission impossible
Superman
Transformers
Alien
Batman
Freddy
King Kong
Rocky
Astérix (animation)
Conjuring
La Planète des singes
Saw
Spider-Man
Fast and Furious
Halloween
Monde des sorciers (Harry Potter / Les Animaux fantastiques)
Star Wars
Vendredi 13
Star Trek
X-Men
Univers cinématographique DC (DC Comics)
Godzilla
James Bond
Univers cinématographique Marvel
Les Dents de la mer
Ted
Le livre d'Eli
Speed
Twister
Les Sous-doués
Donnie Darko
Babe, le cochon
Rasta Rockett
 
Statistiques - réponses
Réponse % Correct
Hunger Games
84%
Moi, moche et méchant (animation)
84%
Fast and Furious
83%
Indiana Jones
83%
Mission impossible
83%
Terre du milieu (Le Seigneur des anneaux / Le Hobbit)
83%
James Bond
82%
Batman
81%
Les Tuche
81%
Monde des sorciers (Harry Potter / Les Animaux fantastiques)
81%
Star Wars
81%
Jurassic Park
80%
Pirates des Caraïbes
80%
Transformers
80%
Rocky
78%
Scream
78%
Spider-Man
78%
Taxi
78%
Terminator
78%
Toy Story (animation)
78%
Astérix et Obélix
77%
Rambo
77%
Twilight
77%
Univers cinématographique Marvel
77%
Univers Spider-Man de Sony (Venom / Morbius)
77%
Kung Fu Panda (animation)
76%
L'Âge de glace (animation)
76%
Le Gendarme ...
76%
Mad Max
76%
Matrix
76%
Destination finale
75%
Saw
75%
X-Men
75%
La Planète des singes
73%
Men in Black
73%
Star Trek
73%
Alien
72%
John Wick
72%
Shrek (animation)
72%
SOS Fantômes
72%
Astérix (animation)
71%
Ducobu
71%
Madagascar (animation)
71%
Scary Movie
71%
Superman
71%
Godzilla
70%
Les Schtroumpfs (animation)
70%
Les Visiteurs
70%
Univers cinématographique DC (DC Comics)
70%
Karaté Kid
67%
One Piece (animation)
65%
Resident Evil
65%
Alvin et les Chipmunks
64%
Chucky
64%
Die Hard
64%
L'Arme fatale
64%
Ocean
64%
Paranormal Activity
64%
American Pie
63%
Bad Boys
63%
Bridget Jones
63%
Conjuring
63%
Pokémon (animation)
63%
American Nightmare
61%
King Kong
61%
La Momie
61%
Les Dents de la mer
61%
Les Tortues Ninja
61%
Le Transporteur
60%
Predator
59%
Expendables
58%
Halloween
58%
La Vérité si je mens !
58%
Vendredi 13
58%
Y a-t-il un flic
58%
Jason Bourne
57%
28 (Jours ...) ... plus tard
55%
Freddy
55%
Lucky Luke (animation)
55%
Massacre à la tronçonneuse
54%
Winnie l'ourson (animation)
54%
Insidious
53%
L'Exorciste
53%
Hannibal Lecter
51%
La Coccinelle
47%
Highlander
46%
Détective Conan (animation)
45%
Evil Dead
45%
Police Academy
45%
RoboCop
45%
Les Bodin's
39%
Rec
39%
Belle et Sébastien
37%
Millénium
34%
Hellraiser
33%
Angélique
29%
Underworld
29%
La Malédiction (The Omen)
27%
Candyman
25%
Tremors
13%
Aucun quiz correspondant
Distribution des résultats
% des personnes avec chaque résultat
Percentile par nombre de réponses
Votre historique - résultats
Vous n’avez pas pris ce quiz